000 00989nam a22002658a 4500
005 20070806135819.0
008 070802s2008 nyu b 001 0 eng
010 _aENG-91799
020 _a9788182091641
_c300.00
020 _a8182091640
_c300.00
035 _aEN-75332
037 _bDBAD / VEN
040 _adpl
_bEnglish
082 _a629.8
100 _aPalani, S.
245 _aControl systems engineering /
_cby S. Palani
260 _aChennai
_bVijay Nicole Imprints
_c2008.
300 _aVarious pagings
_c25cm (pbk)
500 _aIncludes index.
650 _aAutomatic control
650 _aSystems engineering
942 _2ddc
_cEN
_mPAL
_h629.8
999 _c19061
_d19061